<?xml version="1.0" encoding="UTF-8"?>
<record
    xmlns:xsi="http://www.w3.org/2001/XMLSchema-instance"
    xsi:schemaLocation="http://www.loc.gov/MARC21/slim http://www.loc.gov/standards/marcxml/schema/MARC21slim.xsd"
    xmlns="http://www.loc.gov/MARC21/slim">

  <leader>00759nam a22001817a 4500</leader>
  <datafield tag="999" ind1=" " ind2=" ">
    <subfield code="c">178092</subfield>
    <subfield code="d">178092</subfield>
  </datafield>
  <controlfield tag="005">20210316154326.0</controlfield>
  <datafield tag="010" ind1=" " ind2=" ">
    <subfield code="a">MAL-9232</subfield>
  </datafield>
  <datafield tag="020" ind1=" " ind2=" ">
    <subfield code="a">978-81-8268-090-6</subfield>
    <subfield code="c">140.00</subfield>
  </datafield>
  <datafield tag="035" ind1=" " ind2=" ">
    <subfield code="a">MA-8689</subfield>
  </datafield>
  <datafield tag="037" ind1=" " ind2=" ">
    <subfield code="b">DBAD/PUB</subfield>
  </datafield>
  <datafield tag="082" ind1=" " ind2=" ">
    <subfield code="a">808.803</subfield>
  </datafield>
  <datafield tag="100" ind1=" " ind2=" ">
    <subfield code="a">&#xD0E;&#xD02; &#xD2A;&#xD3F;, .&#xD32;&#xD3F; &#xD2A;&#xD3F; &#xD7B;  &#xD30;&#xD3E;&#xD1C;&#xD4D;  </subfield>
  </datafield>
  <datafield tag="245" ind1=" " ind2=" ">
    <subfield code="a">&#xD24;&#xD46;&#xD28;&#xD41;&#xD30;&#xD41;&#xD2E;&#xD4D;&#xD2A;&#xD3F;&#xD28;&#xD46; &#xD24;&#xD46;&#xD28;&#xD40;&#xD1A;&#xD4D;&#xD1A;&#xD2F;&#xD3E;&#xD15;&#xD4D;&#xD15;&#xD3E;&#xD02; / </subfield>
    <subfield code="c">&#xD32;&#xD3F; &#xD2A;&#xD3F; &#xD7B;  &#xD30;&#xD3E;&#xD1C;&#xD4D; &#xD0E;&#xD02; &#xD2A;&#xD3F;</subfield>
  </datafield>
  <datafield tag="260" ind1=" " ind2=" ">
    <subfield code="a">KOZHIKODE</subfield>
    <subfield code="b">&#xD2E;&#xD3E;&#xD24;&#xD43;&#xD2D;&#xD42;&#xD2E;&#xD3F;  &#xD2C;&#xD41;&#xD15;&#xD4D;&#x200C;&#xD38;&#xD4D;</subfield>
    <subfield code="c">2019</subfield>
  </datafield>
  <datafield tag="270" ind1=" " ind2=" ">
    <subfield code="a">M M PRESS CHEROOTY ROAD</subfield>
    <subfield code="b">&#xD15;&#xD4B;&#xD34;&#xD3F;&#xD15;&#xD4D;&#xD15;&#xD4B;&#xD1F;&#xD4D; </subfield>
    <subfield code="e">673001</subfield>
    <subfield code="k">0495 2765381/2765388</subfield>
    <subfield code="m">mbibooks2mpp.comin,</subfield>
    <subfield code="l">0495 2760138</subfield>
  </datafield>
  <datafield tag="300" ind1=" " ind2=" ">
    <subfield code="a">151p.</subfield>
    <subfield code="c">21cm(pbk)</subfield>
  </datafield>
  <datafield tag="942" ind1=" " ind2=" ">
    <subfield code="2">ddc</subfield>
    <subfield code="c">MA</subfield>
    <subfield code="h">808.803</subfield>
    <subfield code="m">&#xD0E;&#xD02; &#xD2A;&#xD3F;</subfield>
  </datafield>
  <datafield tag="952" ind1=" " ind2=" ">
    <subfield code="0">0</subfield>
    <subfield code="1">0</subfield>
    <subfield code="4">0</subfield>
    <subfield code="7">1</subfield>
    <subfield code="8">NFIC</subfield>
    <subfield code="a">DBAD</subfield>
    <subfield code="b">DBAD</subfield>
    <subfield code="d">2021-03-16</subfield>
    <subfield code="e">DBAD/PUB</subfield>
    <subfield code="g">140.00</subfield>
    <subfield code="l">0</subfield>
    <subfield code="o">808.803 &#xD0E;&#xD02; &#xD2A;&#xD3F;</subfield>
    <subfield code="p">MA-8689</subfield>
    <subfield code="r">2021-03-16 00:00:00</subfield>
    <subfield code="t">1</subfield>
    <subfield code="v">140.00</subfield>
    <subfield code="w">2021-03-16</subfield>
    <subfield code="y">MA</subfield>
  </datafield>
</record>
